000 00579cam a22002053a 4500
001 35900
003 PGUSA
005 20140828083755.0
008 110418s2011||||xxu|||||s|||||000 | eng d
040 _aPGUSA
_beng
042 _adc
100 1 _aFerguson, Robert,
_d1817-1898
245 1 4 _aThe River-Names of Europe
_h[electronic resource] /
_cRobert Ferguson
260 _bProject Gutenberg,
_c2011
506 _aPublic domain in the USA.
516 _aElectronic text
830 0 _aProject Gutenberg
_v35900
856 4 0 _uhttp://www.gutenberg.org/ebooks/35900
942 _cEB
999 _c265155
_d265155